000 00565nam a2200229Ia 4500
003 OSt
005 20220916110949.0
006 a|||||r|||| 00| 0
007 ta
008 220915b |||||||| |||| 00| 0 ben d
024 _a37,258
037 _cTextbook
040 _bben
_aARTS
_cARTS
041 _aben
082 _aO157,6M20w, K2
100 _aVidyasagar
245 0 _aVidyosagar jiwan charit o omnibas
260 _c1962
650 _aBENGALI LITERATURE
942 _hO157,6M20w, K2
_cTB
_2CC
999 _c102367
_d102367